<?xml version="1.0" encoding="UTF-8"?>
<marc:record xmlns:marc="http://www.loc.gov/MARC21/slim">
   <marc:leader>00000nam a2200000 a 4500</marc:leader>
   <marc:datafield ind1="1" ind2=" " tag="100">
      <marc:subfield code="a">Leon, Donna</marc:subfield>
      <marc:subfield code="4">aut</marc:subfield>
      <marc:subfield code="e">Verfasser/-in</marc:subfield>
   </marc:datafield>
   <marc:datafield ind1=" " ind2=" " tag="653">
      <marc:subfield code="a">Krimi</marc:subfield>
   </marc:datafield>
   <marc:datafield ind1="0" ind2="0" tag="245">
      <marc:subfield code="a">In Sachen Signora Brunetti</marc:subfield>
   </marc:datafield>
   <marc:datafield ind1="0" ind2="0" tag="245">
      <marc:subfield code="b">der achte Fall : Roman</marc:subfield>
   </marc:datafield>
   <marc:datafield ind1="0" ind2="0" tag="245">
      <marc:subfield code="c">Leon, Donna</marc:subfield>
   </marc:datafield>
   <marc:datafield ind1=" " ind2="1" tag="264">
      <marc:subfield code="a">Zürich</marc:subfield>
      <marc:subfield code="b">Diogenes</marc:subfield>
      <marc:subfield code="c">2000</marc:subfield>
   </marc:datafield>
   <marc:datafield ind1="1" ind2=" " tag="520">
      <marc:subfield code="a">Commisario Brunetti in heikler Lage zwischen Recht und Gerechtigkeit, Familie und Gesellschaft. (DR)      Schon in den vorangegangenen Ermittlungsfällen war Guido Brunettis Frau Paola eine bedeutsame Figur, die wesentlich zur atmosphärischen Bodenhaftung und gesellschaftskritischen Ausrichtung der Krimis von Donna Leon beitrug. Im nunmehr erschienenen achten Fall rückt Paola Brunetti nun sogar in den Mittelpunkt des Geschehens: Ihr Entschluss, mit Steinen gegen die Schaufenster von Reisebüros vorzugehen, die Sexreisen in den Fernen Osten anbieten, ist Ausgangspunkt der Handlung. Als sich ihre Motive aber schließlich mit einem Morfall zu verschränken scheinen, tritt ihr gesellschaftspolitisches Agieren in den Hintergrund und die kriminologischen Aktivitäten des ehelichen Commissarios treten auf den Plan. - Krimiunterhaltung in gewohnter Qualität, allen Bibliotheken empfohlen.   *bn* Reinhard Ehgartner</marc:subfield>
   </marc:datafield>
   <marc:datafield ind1=" " ind2=" " tag="020">
      <marc:subfield code="a">9783257062625</marc:subfield>
      <marc:subfield code="9">9783257062625</marc:subfield>
   </marc:datafield>
   <marc:datafield ind1=" " ind2=" " tag="020">
      <marc:subfield code="a">3257062621</marc:subfield>
      <marc:subfield code="9">3257062621</marc:subfield>
   </marc:datafield>
   <marc:datafield ind1=" " ind2=" " tag="041">
      <marc:subfield code="a">ger</marc:subfield>
   </marc:datafield>
   <marc:datafield ind1=" " ind2=" " tag="338">
      <marc:subfield code="a">Band</marc:subfield>
   </marc:datafield>
   <marc:datafield ind1=" " ind2=" " tag="300">
      <marc:subfield code="a">310 S.</marc:subfield>
   </marc:datafield>
</marc:record>
